Skins quotes by character (UK and US!) Quiz Stats

 Plays Quiz not verified by Sporcle

Support Sporcle.
Go Orange.
Score 0/10 Timer 10:00
0 Plays Today
Quote Who said it % Correct
I didn't eat for three days so I could be lovely.Cassie
95.5%
'You don't have sex at all. You have clarinet lessons.'Chris
81.5%
Hey Nips. Are they standing up?Tony
80.8%
Love, love, love. What is it good for? Absolutely nothing.Effy
72.1%
buddah buddah cheeeeese buddahAnwar
64%
Cadie has self-regulation issues.Michelle
56.5%
We should all be better.Tea
24.7%
I just put my truth in you.Betty
8.4%
Those doters are just, oh-my-God, so clitoral.Tabitha
3.9%
'****, I could tell you some stories about Mini that'd surprise you...' Liv Malone
3.4%

You're not logged in!

Compare scores with friends on all Sporcle quizzes.
OR
Log In

From the Vault

Hand-Drawn History VI

by ddavey1983

Hopefully you don't draw a blank on any of these.
Remove Ads.
Support Sporcle.
Get the best of Sporcle when you Go Orange. This ad-free experience offers more features, more stats, and more fun while also helping to support Sporcle. Thank you for becoming a member.

Show Comments

Extras

Top Quizzes Today


Score Distribution

Your Account Isn't Verified!

In order to create a playlist on Sporcle, you need to verify the email address you used during registration. Go to your Sporcle Settings to finish the process.

Report this User

Report this user for behavior that violates our Community Guidelines.

Details: